[Event "POR-ch Rapid"]
[Site "Viseu"]
[Date "2022.06.10"]
[Round "2"]
[White "Carvalho, Vitor Hugo Pina Soa"]
[Black "Santos, Jose Guilherme B Li"]
[Result "0-1"]
[WhiteElo "1834"]
[BlackElo "2357"]
[PlyCount "40"]
[EventDate "2022.06.10"]
[EventType "swiss (rapid)"]
[EventRounds "8"]
[EventCountry "POR"]
[SourceTitle "CBM 208 Extra"]
[Source "ChessBase"]
[SourceDate "2022.07.31"]
[SourceVersion "1"]
[SourceVersionDate "2022.07.31"]
[SourceQuality "1"]

1. e4 c5 2. Nf3 d6 3. Bb5+ Nd7 4. c3 Ngf6 5. Qe2 a6 6. Ba4 b5 7. Bc2 Bb7 8. 0-0 e5 9. d4 Rc8 10. Re1 Be7 11. a4 cxd4 12. cxd4 b4 13. Bg5 Qb6 14. dxe5 dxe5 15. a5 Qc7 16. Bd3 Nc5 17. Rc1 0-0 18. Nbd2 Qd8 19. Bb1 Ne6 20. Be3 Rxc1+ 0-1

[Event "Lisbon Portugal rapid 2op"]
[Site "Lisbon"]
[Date "2020.02.02"]
[Round "6"]
[White "Pinho, Tiago"]
[Black "Carvalho, Vitor Hugo Pina Soa"]
[Result "0-1"]
[WhiteElo "1903"]
[BlackElo "1873"]
[PlyCount "74"]
[EventDate "2020.01.02"]
[EventType "swiss (rapid)"]
[EventRounds "8"]
[EventCountry "POR"]
[SourceTitle "CBM 194 Extra"]
[Source "ChessBase"]
[SourceDate "2020.03.31"]
[SourceVersion "1"]
[SourceVersionDate "2020.03.31"]
[SourceQuality "1"]

1. c4 Nf6 2. Nc3 d5 3. cxd5 Nxd5 4. e4 Nxc3 5. bxc3 g6 6. Nf3 Bg7 7. Be2 0-0 8. 0-0 c5 9. Qc2 e5 10. d3 Nc6 11. Be3 b6 12. Rad1 Qe7 13. d4 cxd4 14. cxd4 Nxd4 15. Nxd4 exd4 16. Bxd4 Bb7 17. Bxg7 Kxg7 18. Bf3 Rac8 19. Qa4 Bc6 20. Qa6 Rfd8 21. Qe2 Qe5 22. Rfe1 Bb5 23. Qe3 Rc3 24. Rxd8 Rxe3 25. Rxe3 Qa1+ 26. Rd1 Qxa2 27. h4 h5 28. Rc1 Bc4 29. Rec3 b5 30. R3c2 Qa3 31. Rc3 Qe7 32. Ra1 Qxh4 33. Rxa7 Qg5 34. Rd7 Qe5 35. Rc1 h4 36. Rd8 Qg5 37. Rc2 Qxd8 0-1

[Event "POR CupT qf 41st"]
[Site "Porto"]
[Date "2019.05.04"]
[Round "3.1"]
[White "Carvalho, Vitor Hugo Pina Soa"]
[Black "Mano, Nuno"]
[Result "1-0"]
[WhiteElo "1878"]
[BlackElo "1611"]
[PlyCount "111"]
[EventDate "2019.04.04"]
[EventType "team-k.o."]
[EventRounds "6"]
[EventCountry "POR"]
[SourceTitle "CBM 190 Extra"]
[Source "ChessBase"]
[SourceDate "2019.07.15"]
[SourceVersion "1"]
[SourceVersionDate "2019.07.15"]
[SourceQuality "1"]
[WhiteTeam "Tessera"]
[BlackTeam "GX 113"]
[WhiteTeamCountry "POR"]
[BlackTeamCountry "POR"]

1. e4 c5 2. Nf3 d6 3. Bb5+ Bd7 4. Bxd7+ Qxd7 5. c4 Nf6 6. Nc3 Nc6 7. 0-0 g6 8. d4 cxd4 9. Nxd4 Bg7 10. Nde2 0-0 11. f3 Rfd8 12. b3 a6 13. Bb2 Rab8 14. a4 Nh5 15. Kh1 e6 16. Qd2 Na5 17. Qc2 Qe7 18. Ba3 Qc7 19. Rac1 Bh6 20. f4 Rbc8 21. g4 Nxf4 22. Nxf4 d5 23. Nfxd5 exd5 24. Nxd5 Rxd5 25. exd5 Bxc1 26. Rxc1 Qf4 27. Qd3 Re8 28. Rf1 Qxg4 29. Qf3 Qe4 30. Qxe4 Rxe4 31. Rf3 f5 32. Bb4 Nxc4 33. bxc4 Rxc4 34. Rd3 Rc7 35. d6 Rd7 36. a5 Kf7 37. Re3 f4 38. Re4 g5 39. Kg2 h6 40. Kf3 Kf6 41. Re8 Kf7 42. Rh8 Kg7 43. Bc3+ Kg6 44. Bb4 Kg7 45. Rc8 Kf7 46. Bc5 Ke6 47. Re8+ Kf7 48. Re7+ Rxe7 49. dxe7 Ke8 50. Kg4 Kf7 51. Kh5 Ke8 52. Kxh6 g4 53. Kg6 g3 54. hxg3 fxg3 55. Kf6 g2 56. Ke6 1-0

[Event "Gaia Profigaia op 9th"]
[Site "Vila Nova de Gaia"]
[Date "2016.06.26"]
[Round "4"]
[White "Pipiras, Filipa Fortuna"]
[Black "Carvalho, Vitor Hugo Pina Soa"]
[Result "0-1"]
[WhiteElo "1549"]
[BlackElo "1896"]
[PlyCount "50"]
[EventDate "2016.06.24"]
[EventType "swiss"]
[EventRounds "7"]
[EventCountry "POR"]
[SourceTitle "EXT 2018"]
[Source "ChessBase"]
[SourceDate "2017.10.13"]
[SourceVersion "1"]
[SourceVersionDate "2017.10.13"]
[SourceQuality "1"]

1. e4 e5 2. Nf3 Nf6 3. Nxe5 d6 4. Nf3 Nxe4 5. d4 d5 6. Be2 Bd6 7. 0-0 0-0 8. Re1 Bf5 9. Nbd2 Nc6 10. c4 Nb4 11. c5 Nxc5 12. Nf1 Ncd3 13. Bxd3 Nxd3 14. Re2 Re8 15. Rxe8+ Qxe8 16. Ne3 Be4 17. Ne1 Nxc1 18. Rxc1 Qe6 19. Qb3 Qh6 20. g3 b6 21. Rc3 Re8 22. Qa4 Re6 23. Qc6 Qxh2+ 24. Kxh2 Rh6+ 25. Kg1 Rh1# 0-1

[Event "Portugal op"]
[Site "Oeiras"]
[Date "2015.09.04"]
[Round "8"]
[White "Carvalho, Vitor Hugo Pina Soa"]
[Black "Pires, Emanuel Joao Robart"]
[Result "1-0"]
[WhiteElo "1824"]
[BlackElo "2133"]
[PlyCount "79"]
[EventDate "2015.08.30"]
[EventType "swiss"]
[EventRounds "9"]
[EventCountry "POR"]
[SourceTitle "EXT 2016"]
[Source "ChessBase"]
[SourceDate "2015.10.08"]
[SourceVersion "1"]
[SourceVersionDate "2015.10.08"]
[SourceQuality "1"]

1. e4 e6 2. d4 d5 3. Nc3 Bb4 4. exd5 exd5 5. Bd3 Ne7 6. Qf3 c5 7. Bb5+ Bd7 8. Bxd7+ Nxd7 9. Nge2 0-0 10. 0-0 Nb6 11. a3 Bxc3 12. bxc3 cxd4 13. cxd4 Rc8 14. c3 Qd7 15. Ng3 Rc6 16. Re1 Ng6 17. Nh5 Qc8 18. Bd2 Nc4 19. Bc1 Nb6 20. Bd2 Nc4 21. Bc1 Na5 22. Qxd5 b6 23. Bd2 Rd8 24. Qa2 Nc4 25. Bc1 Qf5 26. Ng3 Qd3 27. Ne4 Re6 28. f3 f5 29. Bg5 Rde8 30. Red1 Qxd1+ 31. Rxd1 b5 32. Nc5 Re2 33. Qb1 Nd6 34. Nd3 Nf8 35. Bf4 Nf7 36. Ne5 Nd6 37. Kf1 g5 38. Kxe2 gxf4 39. Kf2 a6 40. Re1 1-0

[Event "POR-chT Province"]
[Site "Luso"]
[Date "2014.07.20"]
[Round "1.1"]
[White "Carvalho, Vitor Hugo Pina Soa"]
[Black "Mendes, Carlos Alberto De S"]
[Result "1-0"]
[WhiteElo "1810"]
[BlackElo "1698"]
[PlyCount "49"]
[EventDate "2014.07.19"]
[EventType "team"]
[EventRounds "2"]
[EventCountry "POR"]
[SourceTitle "EXT 2015"]
[Source "ChessBase"]
[SourceDate "2014.11.20"]
[SourceVersion "1"]
[SourceVersionDate "2014.11.20"]
[SourceQuality "1"]
[WhiteTeam "Aveiro"]
[BlackTeam "Coimbra"]
[WhiteTeamCountry "POR"]
[BlackTeamCountry "POR"]

1. e4 e5 2. Nf3 Nf6 3. Nxe5 d6 4. Nf3 Nxe4 5. d4 d5 6. Bd3 Nc6 7. 0-0 Bg4 8. c3 Be7 9. Re1 f5 10. Nbd2 0-0 11. Nf1 Bh4 12. Ng3 Nxf2 13. Kxf2 f4 14. Qc2 fxg3+ 15. hxg3 Bf6 16. Bxh7+ Kh8 17. Rh1 Bxf3 18. Bf5+ Kg8 19. Be6+ Rf7 20. Qg6 Bxd4+ 21. cxd4 Qf6 22. Bxf7+ Qxf7 23. Rh8+ Kxh8 24. Qxf7 Be4 25. Be3 1-0

[Event "POR-CupT 1/8-1/4 final 35th"]
[Site "Torres Vedras"]
[Date "2013.04.20"]
[Round "1.22"]
[White "Guerreiro, Nuno M"]
[Black "Carvalho, Vitor Hugo Pina Soa"]
[Result "1-0"]
[WhiteElo "2085"]
[BlackElo "1760"]
[PlyCount "75"]
[EventDate "2013.04.20"]
[EventType "team-k.o."]
[EventRounds "2"]
[EventCountry "POR"]
[SourceTitle "EXT 2015"]
[Source "ChessBase"]
[SourceDate "2014.11.20"]
[SourceVersion "1"]
[SourceVersionDate "2014.11.20"]
[SourceQuality "1"]
[WhiteTeam "Mata de Benfica"]
[BlackTeam "Sao Joao da Madeira"]
[WhiteTeamCountry "POR"]
[BlackTeamCountry "POR"]

1. Nf3 d5 2. g3 Nf6 3. Bg2 e6 4. 0-0 Be7 5. d3 0-0 6. Nbd2 b6 7. e4 dxe4 8. dxe4 Bb7 9. e5 Nfd7 10. Re1 Nc6 11. h4 Nc5 12. Qe2 Nb4 13. Nc4 Qc8 14. a3 Nd5 15. Ncd2 c6 16. Ng5 Bxg5 17. hxg5 Ne7 18. b4 Ba6 19. Qh5 g6 20. Qh3 Nd7 21. Ne4 Nf5 22. g4 Nd4 23. Rd1 Ne2+ 24. Kh1 f5 25. exf6 Ne5 26. Be3 Nc4 27. Nd6 Qc7 28. Nxc4 Bxc4 29. Qf3 Nc3 30. Bf4 Be2 31. Bxc7 Bxf3 32. Bxf3 Nxd1 33. Rxd1 Rf7 34. Bd8 Rc8 35. Be7 h6 36. gxh6 g5 37. Be4 c5 38. c3 1-0